Statistics for European Countries Ending In Letter Y Sprint Test

Click here to take the quiz!

General Stats

  • This quiz has been taken 59 times
  • The average score is 3 of 5

Answer Stats

Answer% Correct
Italy
84%
Germany
71%
Hungary
57%
Norway
57%
Vatican City
24%

Score Distribution

Percentile by Number Answered

Percent of People with Each Score

Your Score History

You have not taken this quiz